[Event "Maastricht Limburg op-C 8th"]
[Site "Maastricht"]
[Date "2014.06.09"]
[Round "7"]
[White "Chappin, Rene"]
[Black "Vande Ginste, Michiel"]
[Result "1/2-1/2"]
[WhiteElo "1668"]
[BlackElo "1503"]
[PlyCount "23"]
[EventDate "2014.06.06"]
[EventType "swiss"]
[EventRounds "7"]
[EventCountry "NED"]
[SourceTitle "EXT 2015"]
[Source "ChessBase"]
[SourceDate "2014.11.20"]
[SourceVersion "1"]
[SourceVersionDate "2014.11.20"]
[SourceQuality "1"]

1. e4 c5 2. Nc3 d6 3. f4 Nf6 4. Nf3 Nc6 5. Bb5 g6 6. e5 dxe5 7. Nxe5 Bd7 8. d3 Qc7 9. Nxd7 Nxd7 10. Bd2 Bg7 11. 0-0 e6 12. a3 1/2-1/2

[Event "Maastricht Limburg op-C 6th"]
[Site "Maastricht"]
[Date "2012.05.25"]
[Round "1"]
[White "De Ridder, Yulian"]
[Black "Chappin, Rene"]
[Result "0-1"]
[WhiteElo "1137"]
[BlackElo "1592"]
[PlyCount "34"]
[EventDate "2012.05.25"]
[EventType "swiss"]
[EventRounds "7"]
[EventCountry "NED"]
[SourceTitle "EXT 2013"]
[Source "ChessBase"]
[SourceDate "2012.11.22"]
[SourceVersion "1"]
[SourceVersionDate "2012.11.22"]
[SourceQuality "1"]

1. e4 c5 2. Nf3 Nc6 3. d4 cxd4 4. Nxd4 g6 5. Bb5 Bg7 6. Bxc6 dxc6 7. c3 Nf6 8. f3 Qb6 9. Be3 Qxb2 10. Nc2 Be6 11. Bd4 Nh5 12. e5 Bf5 13. c4 Qxc2 14. g4 Qxd1+ 15. Kxd1 Bxb1 16. gxh5 Bf5 17. Rg1 Rd8 0-1

[Event "Maastricht Limburg op-B 5th"]
[Site "Maastricht"]
[Date "2011.06.10"]
[Round "1"]
[White "Lenaerts, Lennert"]
[Black "Chappin, Rene"]
[Result "1-0"]
[WhiteElo "1867"]
[BlackElo "1682"]
[PlyCount "151"]
[EventDate "2011.06.10"]
[EventType "swiss"]
[EventRounds "7"]
[EventCountry "NED"]
[SourceTitle "EXT 2012"]
[Source "ChessBase"]
[SourceDate "2011.11.24"]
[SourceVersion "1"]
[SourceVersionDate "2011.11.24"]
[SourceQuality "1"]

1. d4 Nf6 2. Nf3 d5 3. e3 Bg4 4. c4 c6 5. Qb3 Qc7 6. Ne5 e6 7. Nxg4 Nxg4 8. Be2 Nf6 9. Bd2 Nbd7 10. Bb4 Bxb4+ 11. Qxb4 Qb6 12. Qxb6 Nxb6 13. Nd2 dxc4 14. Nxc4 Nxc4 15. Bxc4 Ne4 16. Bd3 Nf6 17. Ke2 Ke7 18. Rac1 Rhd8 19. Rc5 Rd5 20. Rhc1 Rad8 21. b4 Rxc5 22. Rxc5 Rd5 23. Rxd5 Nxd5 24. a3 f5 25. Kd2 a6 26. g3 Nf6 27. f3 g5 28. h3 h6 29. g4 fxg4 30. hxg4 h5 31. gxh5 Nxh5 32. Kc3 Nf6 33. Be2 Kd6 34. Kd3 Nd5 35. Bf1 Nf6 36. Bh3 Nd5 37. Bg4 Nf6 38. Bh3 Nd5 39. Bf1 b6 40. e4 Nc7 41. e5+ Ke7 42. Ke3 Nd5+ 43. Kf2 b5 44. Bd3 Kf7 45. Kg3 Kg7 46. Bf1 Ne3 47. Bh3 Kf7 48. f4 gxf4+ 49. Kxf4 Nc2 50. Ke4 Nxa3 51. Kd3 Nc4 52. Bg2 a5 53. Bxc6 axb4 54. Bxb5 Nb6 55. Bc4 Ke7 56. Ba2 Kd7 57. Kc2 Ke7 58. Kb3 Nd5 59. Kc4 Ne3+ 60. Kxb4 Nc2+ 61. Kc3 Ne3 62. Kd2 Ng4 63. Ke2 Nh6 64. Bb1 Nf7 65. Ke3 Nd8 66. Bg6 Nc6 67. Kd3 Nd8 68. Kc4 Kd7 69. Kb5 Kc7 70. Be8 Nb7 71. Bf7 Nd8 72. Bg8 Kb7 73. Bxe6 Nxe6 74. d5 Nf8 75. e6 Kc7 76. e7 1-0

[Event "Maastricht Limburg op-C 4th"]
[Site "Maastricht"]
[Date "2010.05.22"]
[Round "3"]
[White "Fortenbacher, Florian"]
[Black "Chappin, Rene"]
[Result "1/2-1/2"]
[WhiteElo "1431"]
[BlackElo "1622"]
[PlyCount "47"]
[EventDate "2010.05.21"]
[EventType "swiss"]
[EventRounds "7"]
[EventCountry "NED"]
[SourceTitle "EXT 2011"]
[Source "ChessBase"]
[SourceDate "2010.11.26"]
[SourceVersion "1"]
[SourceVersionDate "2010.11.26"]
[SourceQuality "1"]

1. e4 c5 2. Nf3 Nc6 3. d4 cxd4 4. Nxd4 Nf6 5. Nc3 d6 6. Be3 g6 7. f3 Bg7 8. Qd2 0-0 9. h4 a6 10. g4 h5 11. g5 Ne8 12. f4 Bg4 13. Bh3 Bxh3 14. Rxh3 Nxd4 15. Bxd4 e5 16. Bf2 exf4 17. Qxf4 Be5 18. Qd2 Qd7 19. Rd3 Qg4 20. Qe2 Qxe2+ 21. Kxe2 Ng7 22. Bd4 Rfd8 23. Rad1 Ne6 24. Bxe5 1/2-1/2

[Event "Maastricht Limburg op-C 4th"]
[Site "Maastricht"]
[Date "2010.05.21"]
[Round "1"]
[White "De Lange, Marieke"]
[Black "Chappin, Rene"]
[Result "0-1"]
[WhiteElo "1253"]
[BlackElo "1622"]
[PlyCount "74"]
[EventDate "2010.05.21"]
[EventType "swiss"]
[EventRounds "7"]
[EventCountry "NED"]
[SourceTitle "EXT 2011"]
[Source "ChessBase"]
[SourceDate "2010.11.26"]
[SourceVersion "1"]
[SourceVersionDate "2010.11.26"]
[SourceQuality "1"]

1. e4 c5 2. Bc4 Nc6 3. Nf3 e6 4. d3 g6 5. 0-0 Bg7 6. Nc3 a6 7. a3 b5 8. Ba2 Bb7 9. Be3 d6 10. Rb1 Qa5 11. Bd2 Qc7 12. Bf4 0-0-0 13. Ne2 Nf6 14. Bg5 h6 15. Bh4 g5 16. Bg3 Nh5 17. h4 Nxg3 18. Nxg3 g4 19. Nd2 h5 20. b4 Bd4 21. Rc1 Bb2 22. Rb1 Bd4 23. Nb3 Qe7 24. Qd2 Qxh4 25. c3 Be5 26. Qe3 Bxc3 27. bxc5 dxc5 28. Nxc5 Bd4 29. Qc1 Qxg3 30. Nb3 Qe5 31. Nxd4 Rxd4 32. Qe3 Rhd8 33. Rbd1 Kb8 34. f4 gxf3 35. Rxf3 R4d7 36. Rf2 h4 37. Rc2 Qd4 0-1